000 00681nam a2200229Ia 4500
001 21721
003 GE_BSU
008 181216s||||||||xx |||||||||||||| ||und||
040 _cGE_BSU
080 _a811.112
100 _aBuscha, Anne. Szita,Szilvia
245 _aBegegnungen. Integriertes Kurs- und Arbeitsbuch fur fremdsprache deutsch. A1+
245 _bIntegriertes Kurs-und Arbeitsbuch
260 _aLeipzig
260 _bSchubert-Verlag
260 _c2006
300 _a238 p. 30 cm.
541 _h7ლ. 90 თ.
653 _aBegegnungen.Integriertes Kurs-und Arbeitsbuch fur fremdsprache deutsch.
653 _aIntegriertes Kurs-und Arbeitsbuch A1+
942 _cBK
999 _c54654
_d54654